|
|
|
|
| LEADER |
00000nam0a2200000 4500 |
| 001 |
366150 |
| 005 |
20231102011844.0 |
| 035 |
|
|
|a (RuTPU)RU\TPU\retro\23513
|
| 090 |
|
|
|a 366150
|
| 100 |
|
|
|a 20220201d1979 km y0rusy50 ca
|
| 101 |
0 |
|
|a rus
|
| 102 |
|
|
|a BY
|
| 105 |
|
|
|a a z 001zy
|
| 200 |
1 |
|
|a Формирование коллекторов нефтеносных комплексов Припятского прогиба
|f Л. А. Демидович
|
| 210 |
|
|
|a Минск
|c Наука и техника
|d 1979
|
| 215 |
|
|
|a 160 с.
|c ил.
|
| 320 |
|
|
|a Библиогр.: с. 153-158
|
| 606 |
1 |
|
|a Нефтяные пласты-коллекторы
|2 stltpush
|3 (RuTPU)RU\TPU\subj\46002
|9 65190
|
| 606 |
1 |
|
|a Нефтяные месторождения
|x Геология
|2 stltpush
|3 (RuTPU)RU\TPU\subj\45952
|9 65141
|
| 610 |
1 |
|
|a Припятский прогиб
|
| 610 |
1 |
|
|a нефтеносность
|
| 610 |
1 |
|
|a нефтеносные пласты
|
| 610 |
1 |
|
|a формирование
|
| 610 |
1 |
|
|a осадочные образования
|
| 610 |
1 |
|
|a фильтрационные свойства
|
| 610 |
1 |
|
|a породы-коллекторы
|
| 610 |
1 |
|
|a литогенез
|
| 610 |
1 |
|
|a многофакторный анализ
|
| 675 |
|
|
|a 552.578.2.061.4
|v 4
|
| 675 |
|
|
|a 553.982
|v 4
|
| 700 |
|
1 |
|a Демидович
|b Л. А.
|g Леонид Александрович
|
| 801 |
|
1 |
|a RU
|b 63413507
|c 20220201
|
| 942 |
|
|
|c BK
|